Filosofický časopis

Gespeichert in:
Bibliographische Detailangaben
Format: Schriftenreihe
Sprache:Tschechisch
Veröffentlicht: Praha Filosofický ústav Akademie věd České republiky
Schlagworte:
Tags: Tag hinzufügen
Keine Tags, Fügen Sie das erste Tag hinzu!

MARC

LEADER 00000nas1a22000001 4500
001 s120690
005 20250701092135.9
022 |a 0015-1831 
022 |a 2570-9232 
041 0 |a cze 
044 |a CZ 
245 1 0 |a Filosofický časopis 
264 1 |a Praha  |b Filosofický ústav Akademie věd České republiky 
610 2 0 |a filozofia